| 000 | 00475nam a22001577a 4500 | ||
|---|---|---|---|
| 999 |
_c525180 _d525180 |
||
| 003 | NUST | ||
| 038 | _aMr. Zahoor | ||
| 082 | _a005.1 | ||
| 100 |
_aMuhammad Arslan Idris _915929 |
||
| 245 |
_aPerformance analysis of Cloud based Load Testing of Web Application _cMuhammad Arslan Idris |
||
| 260 |
_aIslamabad : _bCEME - NUST, _c2015. |
||
| 300 |
_axi, 67 p. : ill. ; _c30 cm. |
||
| 500 | _aHaedcover. | ||
| 600 |
_aComputer Engineering - MS Thesis _915646 |
||
| 942 |
_2ddc _cTHE |
||